000 00670cam a2200253 4500
008 090401t1996 xxu||||| |||| 00| 0 eng d
020 _a0860174387
035 _a(Sirsi) u57804
041 _aeng
050 _a333.9164
110 _aConstruction Industry Research and Information Association
_94810
245 _aBeach management manual.
260 _aLondon
_bCIRIA
_c1996
300 _a448p. : ill.,maps ; 30cm .
350 _a99
490 _aCIRIA Report
_v153
650 _aBEACH MANAGEMENT
650 _aBEACHES
650 _aCOASTAL MANAGEMENT
690 _aMARINE RESOURCES
700 _aSimm, J.D.
_xEditor
942 _n0
948 _c04/03/1997
999 _c93975
_d93975